| 000 | 00789nam a22002417a 4500 | ||
|---|---|---|---|
| 005 | 20250417150616.0 | ||
| 008 | 250417b |||||||| |||| 00| 0 eng d | ||
| 020 | _a978-1-3503-5603-0 (hbk) | ||
| 037 | _cTB | ||
| 040 |
_aCRL _cCRL |
||
| 041 |
_2eng _aeng |
||
| 084 |
_aR3xM72:g R2 _qCRL |
||
| 245 | _aBloomsbury companion to Bertrand Russell | ||
| 260 |
_aLondon, UK: _bBloomsbury Academic, _c2022. |
||
| 300 | _axviii, 428p. | ||
| 365 |
_bUKP _c41.99 |
||
| 650 | _aPhilosophy | ||
| 650 |
_aRussell, Bertrand _9752415 |
||
| 650 | _aPhilosopher | ||
| 700 |
_aWahl, Russell (Editor) _9752417 |
||
| 942 |
_2CC _cTB _hR3xM72:g R2 _n0 |
||
| 999 |
_c1309127 _d1309127 |
||